Statistics for What is your job?

Click here to take the quiz!

General Stats

  • This quiz has been taken 14 times
  • The average score is 5 of 12

Answer Stats

HintAnswer% Correct
If you have to know your Moscow Mules and Gimlets, you're a...Bartender
82%
If you have to perform a perfect dosado, you're a...Dancer
55%
If you have to get people from BUF to MDW, you're a...Pilot
55%
If you play basketball in the same role as Nash and Curry, you are a...Point guard
55%
The President fires Antony Blinken and wants you to become the...Secretary of State
55%
If you want to win gold at Beijing, you have to be a precise shooter, since you're a...Biathlete
45%
"You're as creative as Sibelius!" is a compliment you get for being a good...Composer
45%
If you cut and install glass, you're a...Glazier
36%
If you get invited to the show "8 out of 10 cats does Countdown", you're most likely a...Comedian
27%
If you're at a Judas Priest concert and the singer shouts "Breaking the WHAT?", your job is to shout:LAW!
27%
If you're Dan Hostetler, you're the...Quizmaster
18%
Morrissey saw you in a tutu and wrote a song about it, you're a...Vicar
18%

Score Distribution

Percentile by Number Answered

Percent of People with Each Score

Your Score History

You have not taken this quiz